000 00726nam a22002417a 4500
003 UA-OsUOA
001 51693
007 ta
008 20141007b un ||||| |||| 00| 0 ukr d
100 _aДудко В.
090 _a82.09
_bД81
942 _cBK
040 _aUA-OsUOA
_bukr
_cUA-OsUOA
_dUA-OsUOA
245 _aТарас Шевченко: джерелознавчі дослідження
300 _a416 с.
955 _a1
041 _aukr
080 _a82.09
260 _aК.
_bКритика
_c2014
650 7 _a82 Література. Літературознавство
_2UDC
999 _c431813
_d431813